000 00507nam a22001697a 4500
008 230510b |||||||| |||| 00| 0 eng d
040 _aNational Science Library
_cNational Science Library
080 _aR 061(100)(058)
_bL1
245 _aYearbook of international organizations
250 _a13th ed.
260 _aBelglum:
_bUnion of International Associations,
_c1971
300 _a1051p.
650 _aOrganization
653 _aInternational
700 1 0 _aHall, R A (Ed.)
942 _2udc
_cYBK
999 _c28379
_d28379